| 000 | 00904nas a2200301 4500 | ||
|---|---|---|---|
| 001 | BR0704414 | ||
| 003 | BR-BrBNA | ||
| 005 | 20231205111410.0 | ||
| 007 | ta | ||
| 008 | 230509b bl.|||p| |||| 00| 00por d | ||
| 040 |
_aBR-BrBNA _bpor _cBiblioteca Nacional de Agricultura |
||
| 041 | _a(Pt) | ||
| 072 | _aP10 | ||
| 100 | 1 | _aVieira. R.H.S. dos F. | |
| 100 | 1 | _aCastro, H.M.P. de | |
| 100 | 1 | _aReis, C.M.F. dos | |
| 100 | 1 | _aMadrid, R.M. | |
| 100 | 1 | _aHofer, E. | |
| 245 | 1 | _aAspectos microbiológicos de águas estuarinas nos estados do Rio Grande do Norte | |
| 650 | _aMICROBIOLOGIA | ||
| 650 | _aAGUA | ||
| 650 | _aANÁLISE BACTERIOLÓGICA | ||
| 650 | _aESTUÁRIORIO GRANDE DO NORTE | ||
| 650 | _aCEARÁ | ||
| 773 | 0 |
_tArquivos de Ciências do Mar (Brazil) _xISSN 0374-5686 _g(2007), v. 40(1) p. 89-95 _wBR0704414 |
|
| 909 |
_a202311 _bLúcia _c55 _dLúcia Elande |
||
| 942 |
_2AGRIS _n0 _cANA |
||
| 999 |
_c192492 _d192492 |
||